00796nam a2200205Ia 4500008004100000020002200041041000800063082001700071100001500088245004400103260004000147300000900187440004200196500008400238650002300322700004700345906000700392999001700399952017400416230125s9999 xx 000 0 und d a978-93-80658-18-6 aeng a823bCAN/HAN aCanfield J aChicken Soup for the Soul Teacher Tales c2011bWestland PublicationsaMumbai a371p aChicken Soup for the Soul Series Book aEnglish Literature;Literature;Series Book;Chicken Soup for the Soul Series Book aEnglish Literature aCanfield J; Hansen M V & Newmark A9108369 b74 c85204d85204 00104070aHIMRbHIMRd2012-04-18ePritam Book Centreg295.00i8009/3/19/2012l0o823 CAN/HAN B11294pHIMR-BK-11294r2023-01-25 00:00:00v221.00w2012-04-02yBKzB11294